000 00704nam a2200217Ii 4500
003 JO-AjNU
008 230606s9999||||xx |||||||||||||| ||und||
020 _a9781841502816
040 _aJO-AjNU
_beng
_erda
_cJO-AjNU
041 _aeng
050 1 4 _aPN2049 2009
100 3 _aEdited by: Prendergast,Monica , Juliana Saxtone,
_eauthor
_92621
245 0 0 _aApplied Theatre: International Case Studies and Challenges for Practice
250 _a1 ed
264 3 1 _aUK: Intellect Bristol, 2009
300 _a224P
336 _atext
_btxt
_2rdacontent
337 _aunmediated
_bn
_2rdamedia
338 _avolume
_bnc
_2rdacarrier
650 4 _a Community theater - Case studies - Electronic books
_92622
999 _aE1370
_c1370
_d1370